000 00400pab a2200157 454500
008 180718b2008 xxu||||| |||| 00| 0 eng d
100 _aBoyd, Emily et al.
245 _aResilience and `climatizing' development: examples and policy implications
260 _c2008
300 _ap.390-96.
362 _aSep
650 _aClimatic change
773 _aDevelopment
908 _aN
909 _a79839
999 _c79839
_d79839